00606nam a2200205Ia 450000500170000000800410001702000180005804100120007608200170008810000170010524500990012225000120022126000360023330000220026965000220029165000220031365000250033570000180036070000220037820260429112013.0260429s9999||||xx |||||||||||||| ||und|| a9781032163376 aEnglish a378.007bCLE aClegg, Karen 0aDoctoral supervision and research culture : bwhat we know, what works and why / cKaren Clegg a1st ed. aNew Delhi : bRoutledge,c2024. axiii, 199 p.; pbk a Higher education a Research culture aDoctoral supervision a Gower, Owen  a Houston, Gillian